Estadios de Andalucía - Estadísticas

Estadísticas generales
  • Esta prueba ha sido intentada 165 veces
  • La puntuación promedio es 9 de 13
Estadísticas de respuestas
Ciudad Capacidad Respuesta % Correcto
Sevilla 60 721 Benito Villamarín
98%
Sevilla 43 864 Ramón Sánchez-Pizjuán
98%
Málaga 30 044 La Rosaleda
96%
Sevilla 57 600 Olímpico de la Cartuja
95%
Granada 19189 Nuevo los Cármenes
85%
Cádiz 25 033 Ramón de Carranza
81%
Almería 18 331 Power Horse Stadium
68%
Córdoba 21 500 Nuevo El Arcángel
56%
Jerez de la frontera 20 523 Municipal de Chapín
52%
Huelva 21 670 Nuevo Colombino
51%
Linares 10 325 Municipal de Linarejos
32%
Jaén 12 569 Municipal de la Victoria
29%
La Línea de la Concepción 12 000 Municipal de La Línea
20%
No se encontraron pruebas coincidentes
Distribución de puntuación
Porcentaje de gente con cada puntuación
Porcentaje por número respondido
Historial de tus puntuaciones
No has intentado esta prueba.